Normal view
MARC view
- Finkel, LeRoy
Entry Personal Name
001 - CONTROL NUMBER
- control field: 100385
003 - CONTROL NUMBER IDENTIFIER
- control field: NUST
005 - DATE AND TIME OF LATEST TRANSACTION
- control field: 20221017095731.0
008 - FIXED-LENGTH DATA ELEMENTS
- fixed length control field: 221017|| aca||aabn | a|a d
040 ## - CATALOGING SOURCE
- Original cataloging agency: NUST
- Transcribing agency: NUST
100 ## - HEADING--PERSONAL NAME
- Personal name: Finkel, LeRoy
670 ## - SOURCE DATA FOUND
- Source citation: Work cat.: (NUST)179999: Albrecht, Bob, LeRoy Finkel, Jerald R. Brown. 100382, BASIC, A Self- Teaching Guide / , c1978.
